000 00690nam a22002057a 4500
003 OSt
005 20140310181912.0
008 130713t xxu||||| |||| 00| 0 eng d
050 _aZ 1037
_b.B725 1987
082 _aTR 011.62
_bB64 1987
245 _aChoosing children's books /
_cDavid Booth, Larry Swartz and Meguido Zola.
260 _aMarkham, Ontario :
_bPembroke Publishers,
_c1987.
300 _a176 p., :
_c23 cm.
500 _aIncludes index.
520 _a1. Children's literature--Bibliography. 2. Bibliography--Best books--Children's literature. 3. Children--Books and reading.
521 _aFaculty
541 _j1
562 _e1
942 _2lcc
_cBK-TR
_kTR
999 _c6571
_d6571